Už nikdy viac! K výročiu prepadnutia ZSSR hitlerovským Nemeckom

Bibliographic Details
Main Author: Baník, Oto (Author)
Format: Article
Language:Slovak
Subjects:

MARC

LEADER 00000nab a2200000 a 4500
001 vtls000034121
003 SK-MaSNL
005 20260303023444.0
008 180405c1979 xo 0 slo
015 |a SNBRB19rr/mm-uuuuu 
035 |a CL0044215 
040 |a SNKBUCL  |b slo  |c SNKBUCL  |e AACR2 
041 0 |a slo 
044 |a xo  |c SK 
080 |a 947  |2 1981 
100 1 |a Baník, Oto  |4 aut  |9 931440 
245 1 0 |a Už nikdy viac!  |b K výročiu prepadnutia ZSSR hitlerovským Nemeckom  |c Oto Baník 
650 0 7 |a druhá svetová vojna (1939-1945)  |2 snkbucl  |9 169657 
651 7 |a Sovietsky zväz  |2 snkbucl  |9 22126 
655 7 |a články z novín a časopisov  |2 snkbucl  |9 267496 
773 0 |t Smena  |g Roč. 32, č. 145 (22. 6. 1979), s. 2 
850 |a Slovenská národná knižnica v Martine  |a MTA001 
852 |a SNK  |b KIS3GCP 
958 |a RK 
992 |a RBX 
999 |c 1634621  |d 1636551